|
|
|
|
| LEADER |
01643nam a2200397 i 4500 |
| 001 |
EBC4718310 |
| 003 |
MiAaPQ |
| 005 |
20200520144314.0 |
| 006 |
m o d | |
| 007 |
cr cnu|||||||| |
| 008 |
161026t20172017nju o 000 0 eng d |
| 020 |
|
|
|z 9781119318903
|
| 020 |
|
|
|a 9781119319054
|q (electronic bk.)
|
| 035 |
|
|
|a (MiAaPQ)EBC4718310
|
| 035 |
|
|
|a (Au-PeEL)EBL4718310
|
| 035 |
|
|
|a (CaPaEBR)ebr11283157
|
| 035 |
|
|
|a (OCoLC)960871510
|
| 040 |
|
|
|a MiAaPQ
|b eng
|e rda
|e pn
|c MiAaPQ
|d MiAaPQ
|
| 050 |
|
4 |
|a HF5386
|b .G375 2017
|
| 082 |
0 |
|
|a 658.1/1
|2 23
|
| 100 |
1 |
|
|a Gaskins, Tony A.,
|e author.
|
| 245 |
1 |
4 |
|a The dream chaser :
|b if you don't build your dream, someone else will hire you to help build theirs /
|c Tony A. Gaskins.
|
| 264 |
|
1 |
|a Hoboken, New Jersey :
|b Wiley,
|c 2017.
|
| 264 |
|
4 |
|c 2017
|
| 300 |
|
|
|a 1 online resource (275 pages)
|
| 336 |
|
|
|a text
|2 rdacontent
|
| 337 |
|
|
|a computer
|2 rdamedia
|
| 338 |
|
|
|a online resource
|2 rdacarrier
|
| 588 |
|
|
|a Description based on print version record.
|
| 590 |
|
|
|a Electronic reproduction. Ann Arbor, MI : ProQuest, 2016. Available via World Wide Web. Access may be limited to ProQuest affiliated libraries.
|
| 650 |
|
0 |
|a Success in business.
|
| 650 |
|
0 |
|a Entrepreneurship.
|
| 655 |
|
4 |
|a Electronic books.
|
| 776 |
0 |
8 |
|i Print version:
|a Gaskins, Tony A.
|t Dream chaser : if you don't build your dream, someone else will hire you to help build theirs.
|d Hoboken, New Jersey : Wiley, c2017
|h viii, 258 pages
|z 9781119318903
|w 2016035957
|
| 797 |
2 |
|
|a ProQuest (Firm)
|
| 856 |
4 |
0 |
|u https://ebookcentral.proquest.com/lib/matrademy/detail.action?docID=4718310
|z Click to View
|